Nimeä oikea valtio ilmansuuntien avulla - Statistics

Yleistilastot
  • Tätä visaa on pelattu 223 kertaa
  • Keskiarvotulos 17 / 22
Vastaustilastot
Aloita.. Mene... Uusi valtio % Oikein
Yhdysvallat pohjoiseen Kanada
100%
Viro etelään Latvia
100%
Irlanti itään Iso-Britannia
99%
Belgia pohjoiseen Alankomaat
96%
Argentiina länteen Chile
93%
Latvia etelään Liettua
93%
Meksiko pohjoiseen Yhdysvallat
91%
Portugali itään Espanja
90%
Andorra etelään Espanja
83%
San Marino itään Italia
82%
Nepal etelään Intia
80%
Albania etelään Kreikka
75%
Moldova länteen Romania
75%
Bolivia pohjoiseen Brasilia
74%
Jemen pohjoiseen Saudi-Arabia
74%
Kosovo pohjoiseen Serbia
72%
Bangladesh itään Intia
65%
Surinam länteen Guyana
63%
Haiti itään Dominikaaninen tasavalta
60%
Benin länteen Togo
55%
Brunei länteen Malesia
50%
Liberia itään Norsunluurannikko
46%
Ehtoja vastaavia visoja ei löytynyt
Tulosjakauma
Jokaisen tuloksen saaneiden osuus
Persentiili vastausten määrän mukaan
Tuloshistoriasi
Et ole pelannut tätä visaa